Normal view
MARC view
Entry Nombre personal
001 - NÚMERO DE CONTROL
- campo de control: 157524
003 - IDENTIFICADOR DEL NÚMERO DE CONTROL
- campo de control: OSt
005 - FECHA Y HORA DE LA ÚLTIMA TRANSACCIÓN
- campo de control: 20250227095959.0
008 - DATOS DE LONGITUD FIJA
- campo de control de longitud fija: 220127|| aca||aabn | a|a d
040 ## - FUENTE DE LA CATALOGACIÓN
- Centro catalogador/agencia de origen: OSt
- Centro/agencia transcriptor: OSt
100 1# - ENCABEZAMIENTO-NOMBRE DE PERSONA
- Nombre de persona: Vernon Carter, Jaime E.
400 ## - TRAZADO DE VÉASE--NOMBRE DE PERSONA
- Nombre de persona: Vernon Carter, Eduardo Jaime
670 ## - FUENTE DE DATOS ENCONTRADOS
- Cita de la fuente: Work cat.: (OSt)175921: Ramírez Santiago, César 94265, Propiedades estructurales, reológicas y sensoriales de yogur al sustituir la grasa láctea por emulsiones mútiples y la sacarosa por un esteviósido /, 2008
